Výpočtové modely v technické praxi

Enregistré dans:
Détails bibliographiques
Auteur principal: Ondráček, Emanuel
Autres auteurs: Janíček, Přemysl
Format: Livre
Langue:tchèque
Publié: Praha Státní nakladatelství technické literatury 1990
Tags: Ajouter un tag
Pas de tags, Soyez le premier à ajouter un tag!

MARC

LEADER 00000nam a2200000 4500
001 c031660
005 20251110131309.8
041 0 |a cze 
044 |a CZ 
245 1 0 |a Výpočtové modely v technické praxi  |c Emanuel Ondráček, Přemysl Janíček 
264 1 |a Praha  |b Státní nakladatelství technické literatury  |c 1990 
300 |a 333 s. 
100 1 |a Ondráček, Emanuel 
700 1 |a Janíček, Přemysl